Tous les Pokémons de type Acier (1G - 9G) - Statistiques

Statistiques générales
  • Ce quiz a été pris 32 fois
  • Le résultat moyen est 51 sur 78
Statistiques - réponses
Pokémons % Correct
376 Métalosse
96%
375 Métang
96%
374 Terhal
96%
81 Magnéti
91%
82 Magnéton
91%
624 Scalpion
91%
625 Scalproie
91%
305 Galegon
87%
304 Galekid
87%
306 Galeking
87%
306 Galeking
87%
462 Magnézone
87%
208 Steelix
87%
227 Airmure
83%
437 Archéodong
83%
436 Archéomire
83%
681 Exagide
83%
679 Monorpale
83%
395 Pingoléon
83%
212 Cizayox
78%
600 Clic
78%
601 Cliticlic
78%
680 Dimoclès
78%
597 Grindur
78%
485 Heatran
78%
598 Noacier
78%
379 Registeel
78%
983 Scalpereur
78%
599 Tic
78%
483 Dialga
74%
632 Fermite
74%
385 Jirachi
74%
530 Minotaupe
74%
638 Cobaltium
70%
303 Mysdibule
70%
27 Sabelette d'Alola
70%
28 Sablaireau d'Alola
70%
707 Trousselin
70%
205 Foretress
65%
1000 Gromago
65%
448 Lucario
65%
411 Bastiodon
61%
410 Dinoclier
61%
649 Genesect
61%
801 Magearna
61%
52 Miaouss de Galar
61%
797 Bamboiselle
57%
884 Duralugon
57%
959 Forgelina
57%
957 Forgerette
57%
809 Melmetal
57%
808 Meltan
57%
791 Solgaleo
57%
476 Tarinorme
57%
50 Taupiqueur d'Alola
57%
51 Triopikeur d'Alola
57%
888 Zacian
57%
889 Zamazenta
57%
805 Ama-Ama
52%
958 Forgella
52%
1018 Pondralugon
52%
990 Roue-de-Fer
52%
1023 Chef-de-Fer
48%
798 Katagami
48%
589 Lançargot
48%
863 Berserkatt
43%
968 Ferdeter
43%
777 Togedemaru
43%
965 Vrombi
43%
966 Vrombotor
43%
413 Cheniselle (Cape Déchet)
39%
879 Pachyradjah
39%
878 Charibari
35%
823 Corvaillus
35%
706 Muplodocus de Hisui
35%
800 Necrozma Crinière du Couchant
35%
705 Colimucus de Hisui
26%
618 Limonde de Galar
17%
Aucun quiz correspondant
Distribution des résultats
% des personnes avec chaque résultat
Percentile par nombre de réponses
Votre historique - résultats
Vous n’avez pas pris ce quiz